| 000 | 00653nam a2200241Ia 4500 | ||
|---|---|---|---|
| 003 | GCL | ||
| 008 | 140319s9999 xx 000 0 eng d | ||
| 040 |
_aGCL / _cGCL |
||
| 082 | 0 | 4 |
_a620.11223 _bK M |
| 100 | 1 | _aKHANNA, A.S | |
| 245 | 1 | 0 |
_aMEXALLIC CORROSION PRINCIPLES AND CONTROL / _cKHANNA, A.S |
| 700 | 1 | _aMALHOTRA, S.N | |
| 700 | 1 | _aSANTHANAM, K.S.V | |
| 700 | 1 | _aTOTLANI, M.K | |
| 260 |
_a[S.N] : _bWILEY EASTERN LIMITED ، _c1994 |
||
| 300 | _a316 | ||
| 650 | 0 | 4 | _aالتحليل الرياضى |
| 650 | 0 | 4 | _aMATERIALS |
| 650 | 0 | 4 | _aMETALS |
| 650 | 0 | 4 | _aELECTROCHEMISTRY |
| 650 | 0 | 4 | _aCORROSION RESISTANT MATERIALS |
| 942 |
_2ddc _cBK |
||
| 999 |
_c20403 _d20403 |
||